Normal view
MARC view
Entry Personal Name
001 - CONTROL NUMBER
- control field: 45187
003 - CONTROL NUMBER IDENTIFIER
- control field: ARRUPE
005 - DATE AND TIME OF LATEST TRANSACTION
- control field: 20190313143544.0
008 - FIXED-LENGTH DATA ELEMENTS
- fixed length control field: 190313|| aca||aabn | a|a d
040 ## - CATALOGING SOURCE
- Original cataloging agency: ARRUPE
- Transcribing agency: ARRUPE
100 ## - HEADING--PERSONAL NAME
- Personal name: Schimithals, Walter
670 ## - SOURCE DATA FOUND
- Source citation: Work cat.: (ARRUPE)129192: Boshoff, Piet B. 45174, History and theology, 2001